ბათუმის შოთა რუსთაველის სახელმწიფო უნივერსიტეტის ბიბლიოთეკა

მარკო პოლო ბიჭი : რომელმაც შუა საუკუნეების მსოფლიო მოიარა / (ბიბ.ჩანაწერი № 55238)

000 -ლიდერი
ფიქსირებული სიგრძის საკონტროლო ველი 01675nam a2200301Ia 4500
001 - საკონტროლო ნომერი
საკონტროლო ველი 22314
003 - საკონტროლო ნომრის იდენტიფიკატორი
საკონტროლო ველი GE_BSU
005 - ბოლო ოპერაციის თარიღი და დრო
საკონტროლო ველი 20230309163520.0
008 - ფიქსირებული სიგრძის მონაცემთა ელემენტები - ზოგადი ინფორმაცია
ფიქსირებული სიგრძის საკონტროლო ველი 181216s2006||||ge |||||||||||||| ||geo||
020 ## - წიგნის საერთაშორისო სტანდარტული ნომერი
International Standard Book Number 9789941162657
040 ## - კატალოგიზაციის წყარო
Transcribing agency GE_BSU
041 ## - ენის კოდი
Language code of text/sound track or separate title geo
080 ## - უნივერსალური ათობითი კლასიფიკაციის ინდექსი
Universal Decimal Classification number 087.5:910.4(450) მ-19
100 ## - მთავარი ჩანაწერი - პიროვნების სახელი
Personal name მაკართი, ნიკ
9 (RLIN) 17154
245 ## - ცნობა სათაურის შესახებ
Title მარკო პოლო ბიჭი : რომელმაც შუა საუკუნეების მსოფლიო მოიარა /
Statement of responsibility, etc ნიკ მაკართი ; სურ. ვენეტა ბულენი ; მთარგმნ. რამაზ ხატიაშვილი, ნოდარ მანჩხაშვილი ; რედ. მერაბ ცაგარეიშვილი.
264 ## - წარმოების, გამოცემის, დისტრიბუციის და სხვა ცნობები
გამოცემის, წარმოების, დისტრიბუციის... ადგილი თბილისი :
გამოცემის, წარმოების, დისტრიბუციის... სახელწოდება საქართველოს მაცნე,
გამოცემის, წარმოების, დისტრიბუციის... თარიღი 2006.
300 ## - ფიზიკური აღწერა
Extent 64 გვ. :
Other physical details ილ. ;
Dimensions 25 სმ.
490 ## - სერიის ცნობა
Series statement National geographic
500 ## - ზოგადი შენიშვნა
General note ლექსიკონი გვ. : 60-61
500 ## - ზოგადი შენიშვნა
General note საძიებელი გვ. : 62-64
504 ## - BIBLIOGRAPHY, ETC. NOTE
Bibliography, etc ბიბლიოგრაფია გვ. : 62
653 ## - INDEX TERM--UNCONTROLLED
Uncontrolled term გამოცემები ბავშვებისა და ახალგაზრდობისათვის
653 ## - INDEX TERM--UNCONTROLLED
Uncontrolled term ისტორია
653 ## - INDEX TERM--UNCONTROLLED
Uncontrolled term მარკო პოლო ბიჭი, რომელმაც შუა საუკუნეების მსოფლიო მოიარა
700 ## - ADDED ENTRY--PERSONAL NAME
Personal name ცაგარეიშვილი, მერაბ
Relator term რედაქტორი
9 (RLIN) 17155
942 ## - ADDED ENTRY ELEMENTS (KOHA)
Koha item type წიგნი
Source of classification or shelving scheme
ეგზემპლარები
ჩამოწერის სტატუსი დაკარგული ეგზემპლარის სტატუსი კლასიფიკაციის წყარო ან თაროზე გაწყობის სქემა დაზიანების სტატუსი არ გაიცემა მუდმივი მდებარეობა (დაცვის ადგილი) ამჟამინდელი ადგილსამყოფელი თაროზე განთავსების ადგილი შეძენის თარიღი ღირებულება, შესყიდვის ნორმალური ფასი სრული შენახვის შიფრი შტრიხკოდი ბოლო ოპერაციის თარიღი ეგზემპლარის მიმდევრობითი ნომერი (კეტერი?) ფასის ძალაში შესვლის თარიღი ეგზემპლარის სახეობა საჯარო შენიშვნა
          ბათუმის შოთა რუსთაველის სახელმწიფო უნივერსიტეტის მთავარი ბიბლიოთეკა ბათუმის შოთა რუსთაველის სახელმწიფო უნივერსიტეტის მთავარი ბიბლიოთეკა წიგნსაცავი 2018-12-17 9.60 087.5:910.4(450) მ-19 57538 2018-12-17 57538 2018-12-17 წიგნი 9.60 ₾.
          ბათუმის შოთა რუსთაველის სახელმწიფო უნივერსიტეტის მთავარი ბიბლიოთეკა ბათუმის შოთა რუსთაველის სახელმწიფო უნივერსიტეტის მთავარი ბიბლიოთეკა წიგნსაცავი 2018-12-17 9.60 087.5:910.4(450) მ-19 57539 2018-12-17 57539 2018-12-17 წიგნი 9.60 ₾.